000
00328nam a2200133Ia 4500
008
151213s9999 xx 000 0 und d
100
_a
Graham Greene
245
_a
Stamboul Train
_c
Graham Greene
260
_a
London
_b
Penguing Books
_c
1963
300
_a
4600 p.
650
_a
Reference
700
_a
Graham Greene
999
_c
2958
_d
2958